Countries with Most Pakistanis - Statistics

General Stats
  • This quiz has been taken 237 times
  • The average score is 12 of 20
Answer Stats
Pakistani Population Answer % Correct
156,300 Canada
82%
1,500,000 Saudi Arabia
79%
104,000 France
77%
73,000 Germany
76%
61,913 Australia
70%
82,738 Spain
70%
114,198 Italy
68%
125,000 Qatar
66%
71,000 Afghanistan
64%
238,556 Oman
62%
1,174,983 United Kingdom
61%
500,645 Bangladesh
60%
363,699 United States
60%
114,142 Kuwait
59%
110,000 Bahrain
58%
120,216 Malaysia
52%
1,200,000 United Arab Emirates
51%
100,000 South Africa
46%
45,191 Norway
38%
65,000 Thailand
35%
No matching quizzes found
Score Distribution
Percent of People with Each Score
Percentile by Number Answered
Your Score History
You have not taken this quiz